| 000 | 00747nam a22001697a 4500 | ||
|---|---|---|---|
| 008 | 120625t xxu||||| |||| 00| 0 eng d | ||
| 020 | _a9780435991128 | ||
| 050 | _aPE1408.L96 | ||
| 100 | _aLutrin, Beryl | ||
| 245 |
_aEnglish handbook and study guide: a comprehensive english language reference book./ _cBeryl Lutrin and Marcelle Pincus |
||
| 260 |
_aOxford: _bHeineman Educational publishers, _c2004. |
||
| 300 |
_a158 p.: _bill.; _c26cm |
||
| 500 | _aIncludes index. | ||
| 505 | _aContents: Language -- Comprehension/ analysing skills -- The World of reading -- The Writing process -- Literature -- Visual literacy analysis -- Oral communication -- Spelling -- Vocabulary -- What do you know. | ||
| 700 | _aPincus, Marcelle | ||
| 942 |
_2lcc _cBK |
||
| 999 |
_c1551 _d9051 |
||